INTRODUCTION TO NURSING SERVICE ADMINISTRATION (Record no. 21955)

MARC details
000 -LEADER
fixed length control field 00359nam a22001577a 4500
003 - CONTROL NUMBER IDENTIFIER
control field SGT
020 ## - INTERNATIONAL STANDARD BOOK NUMBER
International Standard Book Number 9789384765776
082 ## - DEWEY DECIMAL CLASSIFICATION NUMBER
Classification number 610.73
Item number I20M
100 ## - MAIN ENTRY--PERSONAL NAME
Personal name MASIH, SHABNAM
245 ## - TITLE STATEMENT
Title INTRODUCTION TO NURSING SERVICE ADMINISTRATION
250 ## - EDITION STATEMENT
Edition statement 1ST
260 ## - PUBLICATION, DISTRIBUTION, ETC. (IMPRINT)
Place of publication, distribution, etc INDIA
Name of publisher, distributor, etc LOTUS PUB
Year of Publication 2020
300 ## - PAGE DESCRIPTION
No. of Pages 231
650 ## - SUBJECT ADDED ENTRY--TOPICAL TERM
Topical term or geographic name as entry element NURSING
942 ## - ADDED ENTRY ELEMENTS (KOHA)
Source of classification or shelving scheme Dewey Decimal Classification
Koha item type Books
942 ## - ADDED ENTRY ELEMENTS (KOHA)
-- 64
Holdings
Withdrawn status Lost status Source of classification or shelving scheme Damaged status Not for loan Collection code Home library Current library Shelving location Date acquired Vendor Name Cost, normal purchase price SGTU Bill Number Total Checkouts Total Renewals Full call number Accession No. (Barcode) Date last seen Date last borrowed Bill Date Koha item type
    Dewey Decimal Classification     NURSING SGT Medical Library SGT Medical Library Text Book 12/10/2021 ABC DELHI 295.00 SGTU 13309 14 1 610.73 I20M FN4541 22/12/2025 15/12/2025   Books
    Dewey Decimal Classification     NURSING SGT Medical Library SGT Medical Library Text Book 12/10/2021 ABC DELHI 295.00 SGTU 13309 14   610.73 I20M FN4542 20/04/2026 16/04/2026   Books
    Dewey Decimal Classification     NURSING SGT Medical Library SGT Medical Library Text Book 12/10/2021 ABC DELHI 295.00 SGTU 13309 23   610.73 I20M FN4543 18/08/2025 30/07/2025   Books
    Dewey Decimal Classification     NURSING SGT Medical Library SGT Medical Library Text Book 12/10/2021 ABC DELHI 295.00 SGTU 13309 15   610.73 I20M FN4544 17/12/2025 09/12/2025   Books
    Dewey Decimal Classification     NURSING SGT Medical Library SGT Medical Library Text Book 12/10/2021 ABC DELHI 295.00 SGTU 13309 17   610.73 I20M FN4545 11/08/2025 07/07/2025   Books